书目信息 |
| 题名: |
知识产权行政复议典型案例解析
|
|
| 作者: | ;国家知识产权局 组织编写 | |
| 分册: | 第1辑 | |
| 出版信息: | 北京 知识产权出版社有限责任公司 2019 |
|
| 页数: | 210页 | |
| 开本: | 23cm | |
| 丛书名: | ||
| 单 册: | ||
| 中图分类: | D923.405 , D923.4 | |
| 科图分类: | ||
| 主题词: | 知识产权--行政复议--案例--中国 | |
| 电子资源: | ||
| ISBN: | 978-7-5130-6708-9 | |
| 000 | 00996nam0 2200229 450 | |
| 001 | 2136932478 | |
| 005 | 20210107101540.10 | |
| 010 | @a978-7-5130-6708-9@dCNY60.00 | |
| 100 | @a20200410d2019 em y0chiy50 ea | |
| 101 | 0 | @achi |
| 102 | @aCN@b110000 | |
| 105 | @ay z 000yy | |
| 200 | 1 | @a知识产权行政复议典型案例解析@9zhi shi chan quan xing zheng fu yi dian xing an li jie xi@h第1辑@b专著@f国家知识产权局条法司组织编写 |
| 210 | @a北京@c知识产权出版社有限责任公司@d2019 | |
| 215 | @a210页@d23cm | |
| 330 | @a本书包括专利复议典型案例和商标复议典型案例两部分,共57个案例,均是由实际办案人员结合工作实践和自己对法律问题的思考认真撰写而成,既包括实体问题,也包括程序问题,涉及不可抗拒事由的审查、对著录事项变更、商标续展等诸多法律问题和审查中遇到的热点问题。 | |
| 606 | 0 | @a知识产权@x行政复议@x案例@y中国 |
| 690 | @aD923.405@v5 | |
| 690 | @aD923.4@v4 | |
| 711 | 02 | @a国家知识产权局@9guo jia zhi shi chan quan ju@b条法司@4组织编写 |
| 801 | 2 | @aCN@b58marc.cn@c20200422 |
| 905 | @aZUCC@dD923.4@e26-1 | |
| 知识产权行政复议典型案例解析.第1辑/国家知识产权局条法司组织编写.-北京:知识产权出版社有限责任公司,2019 |
| 210页;23cm |
| ISBN 978-7-5130-6708-9:CNY60.00 |
| 本书包括专利复议典型案例和商标复议典型案例两部分,共57个案例,均是由实际办案人员结合工作实践和自己对法律问题的思考认真撰写而成,既包括实体问题,也包括程序问题,涉及不可抗拒事由的审查、对著录事项变更、商标续展等诸多法律问题和审查中遇到的热点问题。 |
| ● |
| 相关链接 |
|
|
|
正题名:知识产权行政复议典型案例解析
索取号:D923.4/26-1
 
预约/预借
| 序号 | 登录号 | 条形码 | 馆藏地/架位号 | 状态 | 备注 |
| 1 | 2000879607 | 2000879607 | 第二书库/ [索取号:D923.4/26-1] | 在馆 | |
| 2 | 2000879608 | 2000879608 | 第二书库/ [索取号:D923.4/26-1] | 在馆 | |
| 3 | 2000879609 | 2000879609 | 第二书库/ [索取号:D923.4/26-1] | 在馆 |